[Event "WA Class - Expert Section"]
[Site "Redmond, WA"]
[Date "2008.11.29"]
[Round "4"]
[White "Wilson, Matthew"]
[Black "Ummel, Igor"]
[Result "1/2-1/2"]
[WhiteElo "1863"]
[BlackElo "1915"]
[PlyCount "88"]
[EventDate "2008.11.30"]
[EventCountry "USA"]
[Source "Bulletin"]
[SourceDate "2009.02.10"]

1. e4 d5 2. exd5 Nf6 3. d4 Bg4 4. Be2 Bxe2 5. Qxe2 Qxd5 6. Nf3 c6 7. c4 Qf5 8.
Nc3 e6 9. O-O Bd6 10. Ne5 Qh5 11. Qxh5 Nxh5 12. Ne4 Be7 13. c5 Nf6 14. f3 O-O
15. Nc4 Rd8 16. Ned6 Bxd6 17. Nxd6 b6 18. Bg5 Nbd7 19. cxb6 axb6 20. Rfc1 c5
21. dxc5 Nxc5 22. Ne4 Ncxe4 23. fxe4 h6 24. Bxf6 gxf6 25. Rc6 Ra6 26. Rc4 Rd2
27. Rb4 Ra5 28. Rxb6 Rc5 29. a4 Rcc2 30. a5 Rxg2+ 31. Kh1 Rxh2+ 32. Kg1 Rxb2
33. Rxb2 Rxb2 34. a6 Rb8 35. Kf2 Kg7 36. Ke3 e5 37. Kf3 h5 38. a7 Ra8 39. Rh1
Kg6 40. Rg1+ Kh6 41. Ra1 f5 42. exf5 h4 43. Kg4 h3 44. Ra6+ Kg7 1/2-1/2

[Event "WA Class - Expert Section"]
[Site "Redmond, WA"]
[Date "2008.11.29"]
[Round "3"]
[White "Wu, Darren"]
[Black "Kalina, Chris"]
[Result "1-0"]
[WhiteElo "1921"]
[BlackElo "1961"]
[PlyCount "51"]
[EventDate "2008.11.30"]
[EventCountry "USA"]
[Source "Bulletin"]
[SourceDate "2009.02.10"]

1. e4 c5 2. Nc3 Nc6 3. Nge2 e6 4. g3 b6 5. Bg2 Bb7 6. O-O Be7 7. d3 Nf6 8. h3
d5 9. exd5 exd5 10. d4 cxd4 11. Nxd4 O-O 12. Be3 Qd7 13. Re1 Rfe8 14. Qd2 Rad8
15. Rad1 Ne5 16. Bg5 Ne4 17. Nxe4 dxe4 18. Bxe7 Rxe7 19. Qe2 Rde8 20. Nb5 Nd3
21. Nc3 Qc7 22. cxd3 exd3 23. Qd2 Rxe1+ 24. Rxe1 Rxe1+ 25. Qxe1 Bxg2 26. Qe8#
1-0

[Event "WA Class - A Section"]
[Site "Redmond, WA"]
[Date "2008.11.28"]
[Round "2"]
[White "Caluza, Severo"]
[Black "Jacobi, Gunther"]
[Result "0-1"]
[WhiteElo "1801"]
[BlackElo "1941"]
[PlyCount "56"]
[EventDate "2008.11.30"]
[EventCountry "USA"]
[Source "Bulletin"]
[SourceDate "2009.02.10"]

1. d4 g6 2. e4 Bg7 3. Nc3 d6 4. Nf3 a6 5. Be2 b5 6. a3 Nd7 7. O-O Bb7 8. Bf4 c5
9. Qd2 cxd4 10. Nxd4 Bxd4 11. Qxd4 e5 12. Qxd6 exf4 13. Nxb5 axb5 14. Bxb5 Ngf6
15. Rad1 Qe7 16. e5 Qxd6 17. Rxd6 Ke7 18. Re1 Rhd8 19. Rd4 Nd5 20. Bc4 N7b6 21.
Bb3 g5 22. h4 h6 23. g3 Bc6 24. c4 Nc7 25. Rd6 Rxd6 26. exd6+ Kxd6 27. c5+ Kxc5
28. hxg5 hxg5 0-1

[Event "WA Class - A Section"]
[Site "Redmond, WA"]
[Date "2008.11.29"]
[Round "2"]
[White "Desmarais, Cyrus"]
[Black "Xing, Kerry"]
[Result "1/2-1/2"]
[WhiteElo "1760"]
[BlackElo "1996"]
[PlyCount "52"]
[EventDate "2008.11.30"]
[EventCountry "USA"]
[Source "Bulletin"]
[SourceDate "2009.02.10"]

1. e4 e6 2. d4 d5 3. Nd2 Nf6 4. e5 Nfd7 5. Bd3 c5 6. c3 Nc6 7. Ne2 Qb6 8. Nf3
cxd4 9. cxd4 f6 10. exf6 Nxf6 11. O-O Bd6 12. Re1 O-O 13. b3 Bd7 14. Be3 Qc7
15. Rc1 Ng4 16. Ng3 Nxe3 17. Bxh7+ Kh8 18. fxe3 Bxg3 19. Ng5 Bxh2+ 20. Kh1 Rf6
21. Qh5 Rh6 22. Nf7+ Kxh7 23. Nxh6 gxh6 24. Qf7+ Kh8 25. Qf6+ Kh7 26. Qf7+ Kh8
1/2-1/2

[Event "WA Class - A Section"]
[Site "Redmond, WA"]
[Date "2008.11.29"]
[Round "4"]
[White "Desmarais, Niles"]
[Black "Li, Jerry"]
[Result "1-0"]
[WhiteElo "1770"]
[BlackElo "1708"]
[PlyCount "52"]
[EventDate "2008.11.30"]
[EventCountry "USA"]
[Source "Bulletin"]
[SourceDate "2009.02.10"]

1. e4 c5 2. Nc3 d6 3. f4 Nc6 4. Nf3 g6 5. Bb5 Bd7 6. Bxc6 Bxc6 7. d3 Bg7 8. O-O
b5 9. Qe1 b4 10. Ne2 Qc7 11. a3 Rb8 12. axb4 Rxb4 13. Bd2 Rb8 14. f5 Nf6 15.
Qh4 c4 16. Bh6 Bxh6 17. Qxh6 gxf5 18. Nfd4 cxd3 19. cxd3 Ba8 20. Rac1 Qd7 21.
Rxf5 Rg8 22. b3 Rg6 23. Qf4 e5 24. Rxe5+ Kf8 25. Rf5 Qe7 26. Rf1 Qd8 1-0

[Event "WA Class - A Section"]
[Site "Redmond, WA"]
[Date "2008.11.30"]
[Round "6"]
[White "Desmarais, Niles"]
[Black "Pazderic, Nick"]
[Result "0-1"]
[WhiteElo "1770"]
[BlackElo "1812"]
[PlyCount "76"]
[EventDate "2008.11.30"]
[EventCountry "USA"]
[Source "Bulletin"]
[SourceDate "2009.02.10"]

1. e4 c5 2. Nc3 Nc6 3. f4 e6 4. Nf3 Nge7 5. Bb5 a6 6. Bxc6 Nxc6 7. d3 d5 8. O-O
Be7 9. Qe1 O-O 10. e5 f6 11. Qg3 b5 12. Bd2 Kh8 13. Rae1 b4 14. Nd1 d4 15. Nf2
Qd5 16. Qh3 Rf7 17. Ne4 c4 18. dxc4 Qxc4 19. exf6 gxf6 20. Nh4 Rg7 21. f5 exf5
22. Nxf6 Qf7 23. Bh6 Bxf6 24. Bxg7+ Bxg7 25. Qf3 Bb7 26. Qxf5 Qxa2 27. Qd7 Na5
28. Ra1 Qd5 29. Qxd5 Bxd5 30. Rxa5 Bc4 31. Re1 d3 32. cxd3 Bxd3 33. Rd5 Bc2 34.
Re2 b3 35. Nf5 Bxb2 36. Ne3 Rc8 37. Rdd2 Bc1 38. Ng4 Bxd2 0-1

[Event "WA Class - A Section"]
[Site "Redmond, WA"]
[Date "2008.11.29"]
[Round "3"]
[White "Gregg, Bruce"]
[Black "Desmarais, Cyrus"]
[Result "0-1"]
[WhiteElo "1794"]
[BlackElo "1760"]
[PlyCount "65"]
[EventDate "2008.11.30"]
[EventCountry "USA"]
[Source "Bulletin"]
[SourceDate "2009.02.10"]

1. d4 Nf6 2. c4 g6 3. Nc3 Bg7 4. e4 d6 5. Nf3 O-O 6. Be2 e5 7. O-O a5 8. dxe5
dxe5 9. Be3 Nbd7 10. h3 c6 11. Qc2 Qe7 12. Rad1 Nc5 13. Rd2 Be6 14. Rfd1 Nfd7
15. Ng5 Rad8 16. Nxe6 Nxe6 17. Bg4 Nd4 18. Bxd4 exd4 19. Ne2 c5 20. Bxd7 Rxd7
21. Nf4 Bh6 22. Nd5 Qe5 23. Rd3 f5 24. exf5 gxf5 25. Rg3+ Kh8 26. Qa4 Rd6 27.
Qxa5 b6 28. Qa7 Qe2 29. Rgd3 Rg6 30. Qe7 Re6 31. Qh4 Qe4 32. Qh5 Rg8 33. Qf3 {
and here white lost on time.} 0-1

[Event "WA Class - A Section"]
[Site "Redmond, WA"]
[Date "2008.11.30"]
[Round "5"]
[White "Gregg, Bruce"]
[Black "Li, Jerry"]
[Result "1/2-1/2"]
[WhiteElo "1794"]
[BlackElo "1708"]
[PlyCount "91"]
[EventDate "2008.11.30"]
[EventCountry "USA"]
[Source "Bulletin"]
[SourceDate "2009.02.10"]

1. e4 c5 2. Nf3 d6 3. d4 cxd4 4. Nxd4 Nf6 5. Nc3 g6 6. Be2 Bg7 7. Be3 Nc6 8.
Qd2 O-O 9. O-O-O Bd7 10. f4 a6 11. f5 Nxd4 12. Bxd4 b5 13. fxg6 hxg6 14. e5
dxe5 15. Bxe5 Bc6 16. Qf4 Qb6 17. Bd4 Qb7 18. Bf3 Bxf3 19. Qxf3 Qxf3 20. gxf3
Rac8 21. Ne4 Nxe4 22. Bxg7 Kxg7 23. fxe4 Rfd8 24. Rhf1 e6 25. Rf3 Rxd1+ 26.
Kxd1 Rh8 27. h3 Rh4 28. Re3 Kf6 29. Kd2 Ke5 30. Kd3 Rh8 31. c4 Rd8+ 32. Kc3 Rd4
33. cxb5 axb5 34. Rf3 Kxe4 35. Rxf7 Rd3+ 36. Kb4 Rxh3 37. Rf6 Rh2 38. b3 Rxa2
39. Rxg6 e5 40. Kxb5 Ke3 41. b4 e4 42. Kb6 Rf2 43. b5 Ke2 44. Re6 Kd3 45. Kc7
Rc2+ 46. Rc6 1/2-1/2

[Event "WA Class - A Section"]
[Site "Redmond, WA"]
[Date "2008.11.29"]
[Round "4"]
[White "Ho, Alec"]
[Black "Pazderic, Nick"]
[Result "1/2-1/2"]
[WhiteElo "1851"]
[BlackElo "1812"]
[PlyCount "88"]
[EventDate "2008.11.30"]
[EventCountry "USA"]
[Source "Bulletin"]
[SourceDate "2009.02.10"]

1. d4 Nf6 2. c4 e6 3. Nc3 d5 4. Nf3 Be7 5. Bg5 h6 6. Bh4 O-O 7. e3 b6 8. Bd3
Bb7 9. O-O c5 10. Qe2 Nbd7 11. Rfd1 Ne4 12. Bxe7 Qxe7 13. Nd2 Nxd2 14. Rxd2
cxd4 15. exd4 Nf6 16. Re1 Rfd8 17. h3 dxc4 18. Bxc4 Nd5 19. f3 Rac8 20. Rc1 Qh4
21. Bxd5 Bxd5 22. Rcd1 Rc7 23. Qe5 Rcd7 24. b3 Rc8 25. Rd3 Qd8 26. f4 a6 27.
Rg3 f6 28. Qh5 Kh8 29. Rdd3 Qe8 30. Qe2 Qf7 31. Na4 Rc1+ 32. Kh2 Rd6 33. Rde3
a5 34. f5 Rc7 35. Nc3 Rdc6 36. fxe6 Bxe6 37. d5 Bxd5 38. Nxd5 Qxd5 39. Re8+ Kh7
40. Re7 Kh8 41. Rgxg7 Qd6+ 42. g3 Rc2 43. Rh7+ Kg8 44. Rhg7+ Kf8 1/2-1/2

[Event "WA Class - A Section"]
[Site "Redmond, WA"]
[Date "2008.11.29"]
[Round "4"]
[White "Hosford, Michael"]
[Black "Jacobi, Gunther"]
[Result "0-1"]
[WhiteElo "1895"]
[BlackElo "1941"]
[PlyCount "52"]
[EventDate "2008.11.30"]
[EventCountry "USA"]
[Source "Bulletin"]
[SourceDate "2009.02.10"]

1. e4 g6 2. d4 Bg7 3. Nf3 d6 4. c3 Nf6 5. Bd3 O-O 6. O-O Bg4 7. h3 Bxf3 8. Qxf3
Nc6 9. Qe2 e5 10. dxe5 Nxe5 11. Bc2 Re8 12. Bg5 Qd7 13. f4 Nc6 14. Nd2 a6 15.
Qf2 h6 16. Bh4 Nh7 17. Rad1 b5 18. Kh1 Rab8 19. Qf3 g5 20. fxg5 hxg5 21. Bg3
Ne5 22. Qh5 g4 23. Bb3 Nf6 24. Bxe5 Nxh5 25. Rxf7 Qxf7 26. Bxf7+ Kxf7 0-1

[Event "WA Class - A Section"]
[Site "Redmond, WA"]
[Date "2008.11.28"]
[Round "1"]
[White "Hosford, Michael"]
[Black "Li, Jerry"]
[Result "1-0"]
[WhiteElo "1895"]
[BlackElo "1708"]
[PlyCount "55"]
[EventDate "2008.11.30"]
[EventCountry "USA"]
[Source "Bulletin"]
[SourceDate "2009.02.10"]

1. e4 c5 2. Nf3 d6 3. Bb5+ Bd7 4. Bxd7+ Qxd7 5. O-O Nf6 6. Qe2 Nc6 7. Rd1 e6 8.
c4 Rc8 9. Nc3 a6 10. d4 cxd4 11. Nxd4 Qc7 12. b3 Nxd4 13. Rxd4 b5 14. Bb2 e5
15. Nd5 Nxd5 16. Rxd5 bxc4 17. Rc1 Qb7 18. Rxc4 f5 19. Rxc8+ Qxc8 20. exf5 Qxf5
21. Bxe5 Qe6 22. Kf1 Kd7 23. Qc4 Be7 24. Qa4+ Kc7 25. Qe4 Kc8 26. Rd1 Rf8 27.
Qc6+ Kd8 28. Bxd6 1-0

[Event "WA Class - A Section"]
[Site "Redmond, WA"]
[Date "2008.11.30"]
[Round "6"]
[White "Jacobi, Gunther"]
[Black "Qu, Frank"]
[Result "1/2-1/2"]
[WhiteElo "1941"]
[BlackElo "1780"]
[PlyCount "35"]
[EventDate "2008.11.30"]
[EventCountry "USA"]
[Source "Bulletin"]
[SourceDate "2009.02.10"]

1. Nc3 c5 2. d4 cxd4 3. Qxd4 Nc6 4. Qh4 d5 5. Nf3 Bf5 6. e4 dxe4 7. Nxe4 e6 8.
Bg5 Be7 9. Bxe7 Qxe7 10. O-O-O Bxe4 11. Qxe4 Nf6 12. Qh4 Nd5 13. Qxe7+ Kxe7 14.
Bb5 Rac8 15. Kb1 a6 16. Rhe1 Rhd8 17. Bc4 Nf6 18. Rxd8 1/2-1/2

[Event "WA Class - A Section"]
[Site "Redmond, WA"]
[Date "2008.11.29"]
[Round "3"]
[White "Jacobi, Gunther"]
[Black "Sloan, Carl"]
[Result "1-0"]
[WhiteElo "1941"]
[BlackElo "1886"]
[PlyCount "61"]
[EventDate "2008.11.30"]
[EventCountry "USA"]
[Source "Bulletin"]
[SourceDate "2009.02.10"]

1. Nc3 Nf6 2. e4 e5 3. Nf3 Nc6 4. d4 exd4 5. Nxd4 Nxd4 6. Qxd4 d6 7. Bc4 Be7 8.
O-O O-O 9. f3 c6 10. a4 Nd7 11. Be3 Ne5 12. Bb3 Be6 13. Bxe6 fxe6 14. f4 c5 15.
Qd1 Nc4 16. Bc1 Bf6 17. Qd3 Bd4+ 18. Kh1 d5 19. Nb5 Bxb2 20. Bxb2 Nxb2 21. Qa3
Qf6 22. Nc7 Rac8 23. Nxe6 dxe4 24. Nxf8 Rxf8 25. Qb3+ c4 26. Qxb7 e3 27. Qd5+
Kh8 28. Rae1 Qc3 29. Qe5 Qxc2 30. Qe7 Rg8 31. Rxe3 {remaining moves unclear}
1-0

[Event "WA Class - A Section"]
[Site "Redmond, WA"]
[Date "2008.11.30"]
[Round "6"]
[White "Lee, Megan"]
[Black "Sloan, Carl"]
[Result "0-1"]
[WhiteElo "1905"]
[BlackElo "1886"]
[PlyCount "92"]
[EventDate "2008.11.30"]
[EventCountry "USA"]
[Source "Bulletin"]
[SourceDate "2009.02.10"]

1. e4 e6 2. d4 d5 3. e5 c5 4. c3 Nc6 5. Nf3 Bd7 6. a3 Qb6 7. b4 cxd4 8. cxd4
Nge7 9. Bb2 Nf5 10. Be2 Be7 11. O-O O-O 12. g4 Nh6 13. h3 f6 14. exf6 gxf6 15.
Nc3 a5 16. b5 Nd8 17. Qd2 Ndf7 18. Rac1 Ng5 19. Nxg5 fxg5 20. Na4 Qd8 21. Nc5
Bc8 22. Rc3 b6 23. Nd3 Nf7 24. f4 Nd6 25. Rc2 Nc4 26. Qc1 gxf4 27. Nxf4 Nxb2
28. Qxb2 Qd6 29. Rc6 Qxa3 30. Qxa3 Bxa3 31. Rxb6 Bb2 32. Nxe6 Bxe6 33. Rxe6
Bxd4+ 34. Kg2 Rxf1 35. Bxf1 a4 36. Re2 a3 37. Ra2 Bb2 38. Bd3 Rb8 39. Kf3 Kf7
40. Ke2 Kf6 41. h4 h6 42. Kf3 Ke5 43. g5 hxg5 44. hxg5 Kd4 45. Bb1 Rxb5 46. g6
Rb7 0-1

[Event "WA Class - A Section"]
[Site "Redmond, WA"]
[Date "2008.11.30"]
[Round "6"]
[White "Li, Jerry"]
[Black "Landingin, Jofrel"]
[Result "0-1"]
[WhiteElo "1708"]
[BlackElo "1621"]
[PlyCount "88"]
[EventDate "2008.11.30"]
[EventCountry "USA"]
[Source "Bulletin"]
[SourceDate "2009.02.10"]

1. e4 e5 2. Nf3 Nc6 3. Bb5 d6 4. d4 exd4 5. Nxd4 Bd7 6. Nxc6 Bxc6 7. Bxc6+ bxc6
8. O-O Qd7 9. Qe2 Ne7 10. Bf4 Ng6 11. Bg3 Be7 12. Rd1 O-O 13. Nc3 Rab8 14. Rab1
Rfe8 15. f4 Bh4 16. Bxh4 Nxh4 17. Qf2 Qg4 18. h3 Qh5 19. Qxa7 Rbc8 20. Qf2 Ra8
21. f5 g6 22. Rf1 gxf5 23. exf5 Kh8 24. g3 Qg5 25. Kh2 Nf3+ 26. Qxf3 Re3 27.
Qf4 Qe7 28. Rf3 Re5 29. f6 Qe6 30. Qg4 Re2+ 31. Nxe2 Qxe2+ 32. Kh1 Rg8 33. Qf4
Qxc2 34. Rbf1 Qxb2 35. R3f2 Qc3 36. Kh2 c5 37. Re1 Qxe1 38. Rf1 Qe6 39. Rf2 c6
40. Rd2 d5 41. a4 c4 42. a5 c5 43. a6 c3 44. Rc2 Qxa6 0-1

[Event "WA Class - A Section"]
[Site "Redmond, WA"]
[Date "2008.11.28"]
[Round "2"]
[White "Li, Jerry"]
[Black "Wu, Darryl"]
[Result "0-1"]
[WhiteElo "1708"]
[BlackElo "1488"]
[PlyCount "72"]
[EventDate "2008.11.30"]
[EventCountry "USA"]
[Source "Bulletin"]
[SourceDate "2009.02.10"]

1. e4 d5 2. exd5 Qxd5 3. Nc3 Qa5 4. d4 c6 5. Bd2 Qc7 6. Bc4 Bf5 7. Nf3 e6 8.
O-O Nf6 9. Bb3 Bd6 10. Bg5 Nbd7 11. Qe2 O-O 12. h3 Rfe8 13. Nh4 Bg6 14. Nxg6
hxg6 15. Ne4 Nxe4 16. Qxe4 Nf6 17. Qf3 Nh7 18. Bh4 g5 19. Bg3 Bxg3 20. fxg3 Re7
21. Rae1 Rd8 22. c3 c5 23. dxc5 Qxc5+ 24. Kh1 Qc6 25. Qxc6 bxc6 26. Re5 Rd2 27.
Rb1 Red7 28. Rc5 Rf2 29. Rxc6 Rdd2 30. Rg1 Nf6 31. Ra6 Ne4 32. Kh2 g4 33. hxg4
Rf6 34. Rd1 Rxb2 35. Bc4 Rh6+ 36. Kg1 Nxg3 0-1

[Event "WA Class - A Section"]
[Site "Redmond, WA"]
[Date "2008.11.30"]
[Round "5"]
[White "Pazderic, Nick"]
[Black "Yue, Bryan"]
[Result "0-1"]
[WhiteElo "1812"]
[BlackElo "1809"]
[PlyCount "104"]
[EventDate "2008.11.30"]
[EventCountry "USA"]
[Source "Bulletin"]
[SourceDate "2009.02.10"]

1. e4 c5 2. Nf3 d6 3. d4 cxd4 4. Nxd4 Nf6 5. Nc3 g6 6. g3 Bg7 7. Bg2 O-O 8. O-O
Nc6 9. Nde2 Be6 10. Nf4 Bg4 11. f3 Bd7 12. Nfd5 Rc8 13. Be3 Nxd5 14. Nxd5 b6
15. Rb1 Be6 16. c4 Ne5 17. b3 Bxd5 18. exd5 Rc7 19. Bd4 Nd7 20. Bxg7 Kxg7 21.
Qd4+ Nf6 22. g4 Kg8 23. g5 Ne8 24. Bh3 Ng7 25. f4 e5 26. dxe6 fxe6 27. Rbd1 e5
28. Qxd6 Qxd6 29. Rxd6 exf4 30. Rfd1 Re7 31. Rd7 Rfe8 32. Rxe7 Rxe7 33. Kf2 Kf7
34. Rd7 Rxd7 35. Bxd7 Ke7 36. Bg4 Kd6 37. Kf3 Ke5 38. b4 Ne8 39. c5 bxc5 40.
bxc5 Nc7 41. Bd7 a5 42. h4 Nd5 43. Be8 Nb4 44. Bf7 Nc6 45. Bg8 Kf5 46. h5 Ne5+
47. Ke2 Kxg5 48. hxg6 hxg6 49. Bd5 Kf6 50. Kd2 g5 51. Kc3 g4 52. Kd4 g3 0-1

[Event "WA Class - A Section"]
[Site "Redmond, WA"]
[Date "2008.11.29"]
[Round "4"]
[White "Sloan, Carl"]
[Black "Brewster, Robert"]
[Result "1-0"]
[WhiteElo "1886"]
[BlackElo "1978"]
[PlyCount "49"]
[EventDate "2008.11.30"]
[EventCountry "USA"]
[Source "Bulletin"]
[SourceDate "2009.02.10"]

1. d4 Nf6 2. Nf3 g6 3. Nc3 d5 4. Bf4 Bg7 5. e3 O-O 6. Nb5 Na6 7. c4 c5 8. Rc1
Qa5+ 9. Nc3 cxd4 10. exd4 Bf5 11. Bd2 dxc4 12. Bxc4 Qd8 13. O-O Nb4 14. Nh4 Bd3
15. Bxd3 Nxd3 16. Rc2 Nb4 17. Rc1 Qxd4 18. Nf3 Qd3 19. Qb3 Nbd5 20. Rfd1 Nb6
21. Be3 Qf5 22. Nb5 Nbd5 23. a4 e6 24. Nd6 Qh5 25. Ng5 1-0

[Event "WA Class - A Section"]
[Site "Redmond, WA"]
[Date "2008.11.30"]
[Round "5"]
[White "Sloan, Carl"]
[Black "Hosford, Michael"]
[Result "1-0"]
[WhiteElo "1886"]
[BlackElo "1895"]
[PlyCount "22"]
[EventDate "2008.11.30"]
[EventCountry "USA"]
[Source "Bulletin"]
[SourceDate "2009.02.10"]

1. d4 Nf6 2. Nf3 e6 3. Bf4 d5 4. e3 c5 5. c3 Nc6 6. Bd3 Bd6 7. O-O cxd4 8. Bxd6
Qxd6 9. exd4 O-O 10. Qe2 a6 11. Nbd2 b5 {remaining moves indecipherable} 1-0

[Event "WA Class - A Section"]
[Site "Redmond, WA"]
[Date "2008.11.28"]
[Round "2"]
[White "Sloan, Carl"]
[Black "Qu, Frank"]
[Result "1-0"]
[WhiteElo "1886"]
[BlackElo "1780"]
[PlyCount "41"]
[EventDate "2008.11.30"]
[EventCountry "USA"]
[Source "Bulletin"]
[SourceDate "2009.02.10"]

1. d4 Nf6 2. Nf3 e6 3. Bf4 c5 4. e3 Nc6 5. Nbd2 Be7 6. c3 b6 7. Bd3 Bb7 8. h3
a5 9. Qe2 d5 10. O-O O-O 11. Rac1 c4 12. Bb1 Re8 13. e4 b5 14. e5 Nd7 15. Rfe1
b4 16. Nf1 Bf8 17. Bxh7+ Kh8 18. Ng5 Qe7 19. Qh5 g6 20. Bxg6+ Kg7 21. Qh7# 1-0

[Event "WA Class - A Section"]
[Site "Redmond, WA"]
[Date "2008.11.29"]
[Round "3"]
[White "Warrier, Krishnan Vishnu"]
[Black "Makinen, Janne"]
[Result "0-1"]
[WhiteElo "1771"]
[BlackElo "1940"]
[PlyCount "66"]
[EventDate "2008.11.30"]
[EventCountry "USA"]
[Source "Bulletin"]
[SourceDate "2009.02.10"]

1. e4 c5 2. Nf3 d6 3. d4 cxd4 4. Nxd4 Nf6 5. Nc3 a6 6. Bg5 e6 7. f4 Qb6 8. Nb3
Be7 9. Qf3 Qc7 10. Bd3 O-O 11. g4 b5 12. Bxf6 Bxf6 13. e5 Bh4+ 14. Kf1 Bb7 15.
Qh3 Bxh1 16. Qxh4 g6 17. f5 Qc6 18. f6 Kh8 19. exd6 Qf3+ 20. Ke1 Qe3+ 21. Be2
Nc6 22. Rd1 Ne5 23. Kf1 Bf3 24. h3 Bxe2+ 25. Nxe2 Qf3+ 26. Qf2 Qxh3+ 27. Qg2
Qxg4 28. Rd4 Qxg2+ 29. Kxg2 Nc4 30. Nc5 e5 31. Re4 Nxd6 32. Rxe5 Rfe8 33. Rxe8+
Nxe8 0-1

[Event "WA Class - A Section"]
[Site "Redmond, WA"]
[Date "2008.11.29"]
[Round "2"]
[White "Warrier, Krishnan Vishnu"]
[Black "Watts, Peter"]
[Result "0-1"]
[WhiteElo "1771"]
[BlackElo "1920"]
[PlyCount "67"]
[EventDate "2008.11.30"]
[EventCountry "USA"]
[Source "Bulletin"]
[SourceDate "2009.02.10"]

1. e4 Nf6 2. e5 Nd5 3. d4 d6 4. exd6 exd6 5. c3 Nc6 6. Bd3 Be7 7. h3 O-O 8. Nf3
f5 9. Qb3 Be6 10. Bc4 Na5 11. Bxd5 Nxb3 12. Bxe6+ Kh8 13. axb3 d5 14. O-O Qd6
15. Re1 Rae8 16. g3 Rf6 17. Ng5 Bf8 18. Bf4 Qc6 19. Nd2 h6 20. Nf7+ Kh7 21.
Bxf5+ Rxf5 22. Rxe8 Qxe8 23. Ne5 g5 24. Be3 a6 25. f4 gxf4 26. Bxf4 Qb5 27.
Ndf3 Bd6 28. Nh4 Rf8 29. Re1 Qxb3 30. Neg6 Rf6 31. Bxd6 Rxd6 32. Re7+ Kg8 33.
Re8+ Kf7 34. Re7+ 0-1

[Event "WA Class - A Section"]
[Site "Redmond, WA"]
[Date "2008.11.28"]
[Round "1"]
[White "Watts, Peter"]
[Black "Desmarais, Cyrus"]
[Result "0-1"]
[WhiteElo "1920"]
[BlackElo "1760"]
[PlyCount "58"]
[EventDate "2008.11.30"]
[EventCountry "USA"]
[Source "Bulletin"]
[SourceDate "2009.02.10"]

1. d4 Nf6 2. c4 g6 3. Nc3 Bg7 4. Nf3 O-O 5. g3 d6 6. Bg2 c6 7. O-O Nbd7 8. e4
Qa5 9. a3 e5 10. b4 Qc7 11. dxe5 Nxe5 12. Nxe5 dxe5 13. Qe2 Be6 14. h3 a6 15.
Na4 b5 16. Nb2 Rfd8 17. Be3 Qb7 18. Rfd1 Nd7 19. c5 Bf8 20. f4 Qc7 21. Qf3 f6
22. f5 Bf7 23. fxg6 hxg6 24. g4 Be7 25. g5 fxg5 26. Qg3 Nf8 27. Nd3 Ne6 28. Bc1
Nf4 29. Bb2 Ne2+ 0-1

[Event "WA Class - A Section"]
[Site "Redmond, WA"]
[Date "2008.11.30"]
[Round "6"]
[White "Watts, Peter"]
[Black "Xing, Kerry"]
[Result "0-1"]
[WhiteElo "1920"]
[BlackElo "1996"]
[PlyCount "54"]
[EventDate "2008.11.30"]
[EventCountry "USA"]
[Source "Bulletin"]
[SourceDate "2009.02.10"]

1. d4 f5 2. Nf3 Nf6 3. c4 g6 4. g3 Bg7 5. Bg2 O-O 6. O-O d6 7. Nc3 Qe8 8. e4
fxe4 9. Ng5 Na6 10. Ngxe4 Nxe4 11. Nxe4 c6 12. Bf4 h6 13. Qd2 g5 14. Be3 Bf5
15. Nc3 Qg6 16. a3 Bd3 17. b3 Bxf1 18. Rxf1 e6 19. Ne4 Rad8 20. d5 exd5 21.
cxd5 c5 22. Qa5 Rde8 23. Nd2 Qd3 24. Nc4 Qxb3 25. Nxd6 Rxe3 26. Nxb7 Qxa3 27.
Ra1 Bxa1 0-1

[Event "WA Class - A Section"]
[Site "Redmond, WA"]
[Date "2008.11.30"]
[Round "5"]
[White "Xing, Kerry"]
[Black "Jacobi, Gunther"]
[Result "1-0"]
[WhiteElo "1996"]
[BlackElo "1941"]
[PlyCount "95"]
[EventDate "2008.11.30"]
[EventCountry "USA"]
[Source "Bulletin"]
[SourceDate "2009.02.10"]

1. d4 Nf6 2. c4 d6 3. Nc3 Nbd7 4. e4 e5 5. d5 Be7 6. Be3 a5 7. Bd3 O-O 8. f3
Nc5 9. Bc2 Ne8 10. Qd2 h6 11. Nge2 Bg5 12. O-O-O Bxe3 13. Qxe3 Qg5 14. Qxg5
hxg5 15. g4 g6 16. Kd2 Kg7 17. h4 gxh4 18. Rxh4 Rh8 19. Rxh8 Kxh8 20. b3 Kg7
21. a3 Bd7 22. Nc1 Nf6 23. Rh1 Rh8 24. Rxh8 Kxh8 25. b4 axb4 26. axb4 Na6 27.
Nd3 Kg7 28. Ba4 Bxa4 29. Nxa4 Nb8 30. c5 Kf8 31. b5 dxc5 32. Naxc5 Ne8 33. Nxb7
Nd6 34. Nxd6 cxd6 35. Kc3 Ke7 36. Kb4 Kd7 37. b6 Kc8 38. Kb5 Kb7 39. Nb2 Kc8
40. Nc4 Kd7 41. Na5 Kc8 42. Nc6 Nd7 43. g5 Nc5 44. Nxe5 Nb3 45. Nxf7 Nd4+ 46.
Ka6 Nxf3 47. b7+ Kb8 48. Nd8 1-0

[Event "WA Class - A Section"]
[Site "Redmond, WA"]
[Date "2008.11.29"]
[Round "3"]
[White "Xing, Kerry"]
[Black "Landingin, Jofrel"]
[Result "1-0"]
[WhiteElo "1996"]
[BlackElo "1621"]
[PlyCount "101"]
[EventDate "2008.11.30"]
[EventCountry "USA"]
[Source "Bulletin"]
[SourceDate "2009.02.10"]

1. d4 f5 2. g3 d5 3. Bg2 c6 4. Nf3 Nf6 5. O-O g6 6. Bf4 Bg7 7. Nbd2 Be6 8. c3
O-O 9. Ne5 Nbd7 10. Nd3 Nh5 11. Nf3 Bf7 12. Be5 Bh6 13. a4 g5 14. Qc1 Nxe5 15.
Nfxe5 f4 16. Ng4 Qd6 17. Nxh6+ Qxh6 18. Nc5 Be8 19. Nxb7 Nf6 20. Nc5 Nd7 21.
Nd3 Bg6 22. Qd2 Rf6 23. b4 Be4 24. c4 Bxg2 25. Kxg2 dxc4 26. Qa2 Nb6 27. Ne5
Qh5 28. Rh1 Raf8 29. f3 Rh6 30. Nxc4 Qh3+ 31. Kf2 Nd5 32. Ne5 Kg7 33. b5 Ne3
34. Rag1 Nd5 35. bxc6 e6 36. Qb2 Qf5 37. Qb7+ Kg8 38. c7 Qc2 39. Rc1 Qd2 40.
Ng4 fxg3+ 41. hxg3 Rxh1 42. Rxh1 Nc3 43. Re1 Qxd4+ 44. Kg2 Qd5 45. Nf6+ Rxf6
46. c8=Q+ Rf8 47. Qxd5 Nxd5 48. Qxe6+ Kg7 49. Qxd5 Rf7 50. Rb1 Kh6 51. Qxf7 1-0

[Event "WA Class - A Section"]
[Site "Redmond, WA"]
[Date "2008.11.29"]
[Round "1"]
[White "Xing, Kerry"]
[Black "Warrier, Krishnan Vishnu"]
[Result "1-0"]
[WhiteElo "1996"]
[BlackElo "1771"]
[PlyCount "61"]
[EventDate "2008.11.30"]
[EventCountry "USA"]
[Source "Bulletin"]
[SourceDate "2009.02.10"]

1. d4 d6 2. e4 Nf6 3. f3 e5 4. d5 Nxe4 5. fxe4 Qh4+ 6. Kd2 Qxe4 7. Qf3 Qd4+ 8.
Bd3 Bg4 9. Qg3 f5 10. Nf3 Qxd5 11. Nc3 Qa5 12. h3 Bxf3 13. Qxf3 e4 14. Bxe4
fxe4 15. Qxe4+ Qe5 16. Qxb7 Be7 17. Qxa8 Qd4+ 18. Ke2 Qc4+ 19. Kd1 Kd7 20. Qe4
Qf7 21. Qf4 Bf6 22. Re1 Nc6 23. Qg4+ Kd8 24. Bg5 Ne5 25. Bxf6+ Qxf6 26. Qe4 Rf8
27. a4 Qf2 28. Ra3 Qf4 29. Qe2 Qd4+ 30. Kc1 Rf2 31. Qd1 1-0

[Event "WA Class - A Section"]
[Site "Redmond, WA"]
[Date "2008.11.29"]
[Round "4"]
[White "Yue, Bryan"]
[Black "Xing, Kerry"]
[Result "0-1"]
[WhiteElo "1809"]
[BlackElo "1996"]
[PlyCount "63"]
[EventDate "2008.11.30"]
[EventCountry "USA"]
[Source "Bulletin"]
[SourceDate "2009.02.10"]

1. e4 e6 2. d4 d5 3. Nc3 Bb4 4. e5 c5 5. a3 Bxc3+ 6. bxc3 Ne7 7. Qg4 Qc7 8.
Qxg7 Rg8 9. Qxh7 cxd4 10. Ne2 Nbc6 11. f4 dxc3 12. Qd3 Bd7 13. Qxc3 Nf5 14. Rb1
d4 15. Qd3 O-O-O 16. g4 Rxg4 17. Bh3 Rg6 18. Bxf5 exf5 19. Kf2 f6 20. exf6 Rxf6
21. Bd2 Be6 22. Ng3 Bd5 23. Rhe1 Qh7 24. Kg1 Rg8 25. Rf1 Rh6 26. Kf2 Rxh2+ 27.
Ke1 Qe7+ 28. Kd1 Rxg3 29. Qxg3 Qe2+ 30. Kc1 Qxd2+ 31. Kb2 Qxc2+ 32. Ka1 0-1